Empresa Fundación Colmena en Diseño y Proyectos

Presenta un informe de prácticas profesionales desarrolladas en la empresa Fundación Colmena enfocada en el apoyo a la vivienda de interés social y asentamientos humanos al servicio de las clases populares, edificios destinados a usos complementarios de viviendas como salud, educación, recreacio...

Full description

Bibliographic Details
Main Author: Porras Reyes, Heisson Xavier
Other Authors: Tutor: Sequeira, Cinthya Carolina
Format: Tesis Section = Libro
Language:Undetermined
Spanish
Published: Managua UNI 2020
Subjects:
LEADER 01137nam a2200265Ia 4500
008 240830s9999 xx 000 0 und d
040 |a BIBLIOTECA-RUSB/ Mon 728.1 P838 
041 |a spa 
082 |a Mon 728.1 P838 
100 1 |a Porras Reyes, Heisson Xavier 
245 1 0 |a Empresa Fundación Colmena en Diseño y Proyectos 
260 |a Managua  |b UNI  |c 2020 
300 |a 121 p. :il. 
500 |a Informe de práctica profesional. Contiene: anexos y CD. 
502 |a Tesis (Arquitecto) - UNI, 2020. 
520 3 |a Presenta un informe de prácticas profesionales desarrolladas en la empresa Fundación Colmena enfocada en el apoyo a la vivienda de interés social y asentamientos humanos al servicio de las clases populares, edificios destinados a usos complementarios de viviendas como salud, educación, recreación o equipamiento comunal. 
650 7 |a VIVIENDAS INTERES SOCIAL 
650 7 |b  ASENTAMIENTOS HUMANOS 
650 7 |c  DISEÑO Y PROYECTOS 
650 7 |d  SISTEMA PREFABRICADO 
650 7 |e  PRACTICA PROFESIONAL 
700 1 |a Tutor:  |b Sequeira, Cinthya Carolina 
942 |c BK  |2 ddc 
991 |a TESIS 
999 |c 21469